Communities and Local Government Committee - fifth report (Record no. 106114)

MARC details
000 -LEADER
fixed length control field 01367cam a2200217 4500
001 - CONTROL NUMBER
control field ##L135617
008 - FIXED-LENGTH DATA ELEMENTS--GENERAL INFORMATION
fixed length control field 061116n2006 000 0 eng u
035 ## - SYSTEM CONTROL NUMBER
System control number (Sirsi) u135617
041 0# - LANGUAGE CODE
Language code of text/sound track or separate title eng
050 04 - LIBRARY OF CONGRESS CALL NUMBER
Classification number 711.1 $2 18
110 1# - MAIN ENTRY--CORPORATE NAME
Corporate name or jurisdiction name as entry element United Kingdom
Subordinate unit Parliament
-- House of Commons
-- Select Committee for Communities and Local Government
9 (RLIN) 4987
245 00 - TITLE STATEMENT
Title Communities and Local Government Committee - fifth report
Remainder of title session 2005-06
Medium [electronic resource]
260 ## - PUBLICATION, DISTRIBUTION, ETC.
Place of publication, distribution, etc. London
Name of publisher, distributor, etc. TSO
Date of publication, distribution, etc. 2006
520 ## - SUMMARY, ETC.
Summary, etc. Analyses the government Planning Gain Supplement (PGS) proposals. Covers planning gain and capturing land value uplift, establishing PGS liability, paying PGS, exemptions and discounts, investing in infrastructure and affordable housing, allocating PGS revenue, and other issues. Concludes by urging government to consider a range of means to secure for the public benefit a portion of land value uplift which results from the granting of planning permission. Makes a wide range of recommendations.
590 ## - LOCAL NOTE (RLIN)
Local note KA NTK
650 24 - SUBJECT ADDED ENTRY--TOPICAL TERM
Topical term or geographic name entry element PLANNING GAIN SUPPLEMENT
651 #4 - SUBJECT ADDED ENTRY--GEOGRAPHIC NAME
Geographic name England
Chronological subdivision 886-
690 ## - LOCAL SUBJECT ADDED ENTRY--TOPICAL TERM (OCLC, RLIN)
Topical term or geographic name as entry element ENVIRONMENTAL AND LAND CONSULTANCY-PLANNING AND DEVELOPMENT-PLANNING REFORM
856 40 - ELECTRONIC LOCATION AND ACCESS
Uniform Resource Identifier <a href="https://www.publications.parliament.uk/pa/cm200506/cmselect/cmcomloc/1024/1024i.pdf">https://www.publications.parliament.uk/pa/cm200506/cmselect/cmcomloc/1024/1024i.pdf</a>
Public note View the report free of charge at www.publications.parliament.uk
942 ## - ADDED ENTRY ELEMENTS (KOHA)
Suppress in OPAC 0
Holdings
Withdrawn status Lost status Source of classification or shelving scheme Damaged status Not for loan Home library Current library Shelving location Date acquired Total Checkouts Full call number Barcode Date last seen Copy number Price effective from Koha item type
    Dewey Decimal Classification     Virtual Virtual Online 16/11/2006   ONLINE PUBLICATION 135617-2001 06/08/2019 1 06/08/2019 Book